Missing Word: This and That II Quiz Stats

 Plays Quiz Updated Nov 25, 2017

Challenge
Share
Tweet
Embed
Score 0/22 Timer 03:00
3 Plays Today
Word pair Missing word % Correct
________ and HersHis
98.2%
________ and PrejudicePride
98%
Bread and ________Butter
95.8%
To and ________Fro
94.7%
________ and TakeGive
94.3%
Touch and ________Go
94.3%
________ and ForthBack
93.9%
Silver and ________Gold
92.6%
Bacon and ________Eggs
92.5%
________ and OrderLaw
91.4%
________ and EffectCause
90.4%
Word pair Missing word % Correct
Ebony and ________Ivory
89.9%
Kiss and ________Tell
88%
________ and PeaceWar
86%
Down and ________Out
85.8%
________ and TuckNip
75.2%
Ebb and ________Flow
73.6%
________ and BoundsLeaps/Metes
63.3%
________ and BurnCrash
59.7%
________ and TurnToss
50.8%
________ and TumbleRough
44.5%
Hill and ________Dale/Vale
36.6%

Today's Daily Dose

You're not logged in!

Compare scores with friends on all Sporcle quizzes.
Join for Free
OR
Log In

You Might Also Like...

Show Comments

Extras

Top Quizzes Today


Score Distribution

Your Account Isn't Verified!

In order to create a playlist on Sporcle, you need to verify the email address you used during registration. Go to your Sporcle Settings to finish the process.

Report this User

Report this user for behavior that violates our Community Guidelines.

Details: